000 03108cas a2200529 a 4500
001 11467995
003 OSt
005 20110510131421.0
008 790824d18721875enkuu m f0 0eng d
010 _a 96644931
_zsn 88017035
016 7 _a214816-x
_2DE-600
020 _a0406090181
035 _a(OCoLC)ocm05306395
040 _aNSbSU
_cNSbSU
_dOCoLC
_dMH
_dDLC
_dOCoLC
_dNLGGC
_dOCoLC
_dU9S
_dDEBBG
_dRPB
042 _alc
043 _ae-uk---
050 0 0 _aKD275.4
_b.L39
082 _222
_a348.041 LAW
245 0 4 _aThe Law reports Crown Cases Reserved 1865 - 75 Vol. 1 - 2 /
_creported by E. Chandos Leigh ... [et al.].
246 1 0 _aCases determined by the Court for Crown Cases Reserved
246 1 8 _aLaw reports.
_pCrown cases reserved
260 _aLondon :
_bPrinted for the Incorporated Council of Law Reporting for England and Wales by William Clowes and Sons,
_c1973
300 _a2 v. ;
_c25 cm.
362 0 _aVol. 1 (From Michaelmas term, 1865, to Trinity term, 1872, both inclusive)-v. 2 (From Michaelmas term, 1872, to Trinity term, 1875, both inclusive).
500 _aEdited by: James Redfoord Bulwer.
500 _aReporter: v. 1, E. Chandos Leigh; v. 2, Arthur Wilson.
515 _aVol. 1 also designated as 29-35 Victoria; v. 2 also designated as 36-38 Victoria.
580 _aMerged with: Law reports. Privy Council appeals; and: Law reports. English and Irish appeal cases and claims of peerage before the House of Lords; and: Law reports. Scotch and divorce appeal cases before the House of Lords; to form: Law reports. Appeal cases before the House of Lords, (English, Irish, and Scotch) and the Judicial Committee of Her Majesty's Most Honourable Privy Council.
650 0 _aLaw reports, digests, etc.
_zGreat Britain.
_93841
650 0 _aCriminal law
_zGreat Britain
_vCases.
_93842
650 1 7 _aCommon law.
_2gtt
_93807
650 6 _aDroit
_zGrande-Bretagne
_xJurisprudence.
_93843
700 1 _aLeigh, E. Chandos.
_93844
700 1 _aWilson, Arthur,
_db. 1837.
_93845
700 1 _aBulwer, James Redfoord.
_93472
710 1 _aGreat Britain.
_bCourt for Crown Cases Reserved.
_93846
710 2 _aIncorporated Council of Law Reporting for England and Wales.
_92564
776 0 8 _iOnline version:
_tLaw reports. Cases determined by the Court for Crown Cases Reserved
_w(OCoLC)655045271
785 1 7 _tLaw reports. Privy Council appeals
_w(DLC) 29005168
_w(OCoLC)2783077
785 1 7 _tLaw reports. English and Irish appeal cases and claims of peerage before the House of Lords
_w(DLC) 96644917
_w(OCoLC)2785299
785 1 7 _tLaw reports. Scotch and divorce appeal cases before the House of Lords
_w(DLC)sn 87019876
_w(OCoLC)2785327
785 1 7 _tLaw reports. Appeal cases before the House of Lords (English, Irish, and Scotch) and the Judicial Committee of Her Majesty's Most Honourable Privy Council
_w(DLC) 96644919
_w(OCoLC)2787388
906 _a7
_bcbc
_cserials
_du
_encip
_f19
_gn-oclcserc
942 _2ddc
_cBK
999 _c1726
_d1726